00358 a2200109 4500001001000000005001700010008004100027245007700068100002300145773006300168999001700231ART_1688920260410161718.0260409a 10aNaturaleza de los actos emanados de las personas públicas no estatales1 aHalperin, David A.0 tDerecho administrativog- Nº 87 (mayo/jun. 2013)wREV1721 c16747d16747